| 000 | 00710cab a2200229 4500 | ||
|---|---|---|---|
| 001 | WB2509-02 | ||
| 008 | 090401t1989 xxu||||| |||| 00| 0 eng d | ||
| 035 | _a(Sirsi) u67069 | ||
| 041 | _aeng | ||
| 245 | _aGood start to woodland scheme | ||
| 260 | _c1989 | ||
| 350 | _a0 | ||
| 490 |
_aPlanning (for the Natural and Built Environment) _vno 807, 24/2/89 p3 |
||
| 520 | _aThe Agriculture Minister has announced that applications to plant more than 11,000 acres have been submitted under the Farm Woodland Scheme . | ||
| 650 | _aALTERNATIVE ENTERPRISES | ||
| 650 | _aDIVERSIFICATION | ||
| 650 | _aGRANTS | ||
| 650 | _aTREE PLANTING | ||
| 690 | _aRURAL PRACTICE | ||
| 942 | _n0 | ||
| 948 | _c04/03/1997 | ||
| 999 |
_c41949 _d41949 |
||